000 00703nam a2200229 i 4500
001 13413
003 ES-MaACL
005 20230906150553.0
007 t|
008 980305s1988 sp ||||1| spa d
020 _a84-7684-098-5
080 _a860-14"19"
100 1 _aMarín Saura, Juana J.
_976813
245 1 3 _aEl rastro del pincel /
_cJuana J. Marín Saura.
260 _aMurcia :
_bUniversidad, Secretariado de Publicaciones,
_c1988.
300 _a99 p. ;
_c20 cm.
490 1 _aTextos de creación literaria ;
_v13
710 2 _aUniversidad de Murcia.
_97228
830 0 _aTextos de creación literaria ;
_v13
_9182465
852 _aES-MaACL
_jL-20760
_bR.117421
999 _c13413
_d13413